| Tag |
First Indicator |
Second Indicator |
Subfields |
| LEADER |
00000cam a2200000 a 4500 |
| 001 |
in00000773421 |
| 005 |
20151017060923.0 |
| 008 |
880422s1989 maua b 00110 eng |
| 010 |
|
|
|a 88015470
|
| 020 |
|
|
|a 0674643488 (alk. paper)
|
| 035 |
|
|
|a (OCoLC)17982540
|
| 035 |
|
|
|9 ADM5131AM
|
| 040 |
|
|
|a DLC
|c DLC
|d TXA
|d UtOrBLW
|
| 049 |
|
|
|a TXAM
|c [A12347944]
|
| 050 |
0 |
0 |
|a HD58.8
|b .H363 1989
|
| 082 |
0 |
|
|a 302.3/5
|2 19
|
| 100 |
1 |
|
|a Hannan, Michael T.
|
| 245 |
1 |
0 |
|a Organizational ecology /
|c Michael T. Hannan, John Freeman.
|
| 264 |
|
1 |
|a Cambridge, Mass. :
|b Harvard University Press,
|c 1989.
|
| 300 |
|
|
|a xvi, 366 pages :
|b illustrations ;
|c 24 cm.
|
| 336 |
|
|
|a text
|b txt
|2 rdacontent
|
| 337 |
|
|
|a unmediated
|b n
|2 rdamedia
|
| 338 |
|
|
|a volume
|b nc
|2 rdacarrier
|
| 504 |
|
|
|a Bibliography: pages [343]-358.
|
| 500 |
|
|
|a Includes indexes.
|
| 650 |
|
0 |
|a Organizational change.
|
| 650 |
|
0 |
|a Organizational behavior.
|
| 700 |
1 |
|
|a Freeman, John,
|d 1945-
|
| 999 |
|
|
|a MARS
|
| 999 |
f |
f |
|s 83bc0730-c31d-3a57-b053-4dc9e13560ba
|i 48449f3c-63da-3319-94b1-964f47515451
|t 0
|
| 952 |
f |
f |
|p ric
|a Texas A&M University
|b Rellis Campus
|c Joint Library Facility
|d Remote Storage
|t 0
|e HD58.8 .H363 1989
|h Library of Congress classification
|i unmediated -- volume
|m A14812347944
|
| 998 |
f |
f |
|a HD58.8 .H363 1989
|t 0
|l Remote Storage
|